000 00409nam a2200145 i 4500
001 141219
003 ES-MaACL
007 t|
008 070920s1935 it ||||1| ita d
100 1 _aVivanti, Giulio.
_9115549
245 1 0 _aEsercizi di analisi infinitesimale /
_cGiulio Vivanti.
260 _aTorino :
_b[s.n.],
_c1935 (
_fTip. Vincenzo Bona)
300 _a404 p. ;
_c25 cm.
852 _aES-MaACL
_jB-9204
999 _c141219
_d141219